000 01278nam0a22002651 4500
001 rc\2804589
005 20250806210536.0
035 _a(NLR Aleph) 006930553
090 _a35523
_c35523
100 _a20110915d1944 u y0rusy50 ca
101 0 _arus
102 _aRU
105 _ay z |||||
200 1 _aПоложение о библиотеках Военно-Морского Флота СССР и Инструкция по учету и хранению книжных фондов библиотек Военно-Морского Флота СССР
_fГл. полит. упр. Воен.-Мор. Флота СССР
210 _aМосква
_aЛенинград
_cВоенмориздат
_d1944
_eМосква
215 _a44 с.
_d17 см.
517 0 _aИнструкция по учету и хранению книжных фондов библиотек Военно-Морского Флота СССР
710 0 1 _aСССР
_bГлавное упр. политической пропаганды Военно-Морского Флота
801 0 _aRU
_bNLR
_gpsbo
801 1 _aRU
_bELAR
_2rusmarc
852 _aNLR
_jБ 6500/П522
942 _cBOOK
945 _aРоссийская национальная библиотека
980 _aNB
980 _aBV